| 000 | 00616nam a2200241 a 4500 | ||
|---|---|---|---|
| 001 | nice12345678 | ||
| 003 | IN_TiNIC | ||
| 005 | 20260116012242.0 | ||
| 008 | 050524s1986 lona grp 000 0 eng | ||
| 020 |
_a0281403 _c904.5 |
||
| 082 | 0 | 0 |
_a291.2 _bCRA |
| 100 | _aCragg, Kenneth | ||
| 245 |
_aChrist and the Faiths _b Theology in Cross-Reference. |
||
| 260 |
_aLondon _bSPCK _c1986 |
||
| 300 | _a360p | ||
| 500 | _aincludes index and biblioraphy | ||
| 505 | 2 | _aIndices | |
| 650 | _aComparative Religion-Doctrines | ||
| 700 | 1 | _aCragg, Kenneth | |
| 902 | _bSRS | ||
| 942 | _cBK | ||
| 999 |
_c6244 _d6244 |
||